[Event "RUS-ch Seniors"]
[Site "Tula"]
[Date "2004.05.13"]
[Round "4"]
[White "Sambursky, Vladimir"]
[Black "Schalko, Oleg"]
[Result "1-0"]
[WhiteElo "2271"]
[BlackElo "2437"]
[PlyCount "66"]
[EventDate "2004.05.??"]
[EventType "swiss"]
[EventRounds "9"]
[EventCountry "RUS"]
[SourceTitle "EXT 2005"]
[Source "ChessBase"]
[SourceDate "2004.11.15"]
[SourceVersion "1"]
[SourceVersionDate "2004.11.15"]
[SourceQuality "1"]

1. e4 d6 2. d4 Nf6 3. Nc3 g6 4. f3 Bg7 5. Be3 0-0 6. Qd2 c6 7. 0-0-0 b5 8. Kb1 b4 9. Nce2 a5 10. g4 Nbd7 11. g5 Ne8 12. h4 Nb6 13. Nc1 Ba6 14. Bd3 Bxd3 15. cxd3 c5 16. Nge2 c4 17. h5 Rb8 18. hxg6 fxg6 19. Nf4 Rxf4 20. Bxf4 c3 21. Qh2 Qc7 22. Nb3 Na4 23. Rc1 Qb6 24. Qxh7+ Kf8 25. Qxg6 cxb2 26. Qf5+ Nf6 27. Rc8+ Rxc8 28. Qxc8+ Kf7 29. gxf6 Nc3+ 30. Kxb2 Na4+ 31. Ka1 Bxf6 32. Rh7+ Bg7 33. Qf5+ Kg8 1-0